[Event "DEM U10/U10w 2008"]
[Site "Willingen GER"]
[Date "2008.05.11"]
[Round "2"]
[White "Schröder, Janina"]
[Black "Padelt, Aaron"]
[Result "0-1"]
[Termination "normal"]
[Board "45"]
[WhiteElo "738"]
[BlackElo "1023"]
[PlyCount "82"]
[WhiteFideId "24693138"]
[EventCountry "GER"]
[EventRounds "11"]
[EventType "swiss"]
[EventDate "2008.05.10"]

1. e4 e5 2. Nf3 Nc6 3. Bc4 Nf6 4. d3 Bc5 5. Nc3 d6 6. Nd5 Nxd5 7. exd5 Ne7 8.
Bg5 f6 9. Be3 Bxe3 10. fxe3 Ng6 11. Bb5+ Bd7 12. Bc4 a5 13. O-O b5 14. Bb3 a4
15. Bxa4 bxa4 16. d4 Bg4 17. h3 Bf5 18. dxe5 fxe5 19. Nd2 Qg5 20. Qf3 O-O 21.
Ne4 Bxe4 22. Qxe4 Rxf1+ 23. Rxf1 Rb8 24. b3 axb3 25. axb3 Ne7 26. Qc4 Qxe3+ 27.
Kh1 Rc8 28. b4 Qd2 29. Qb3 Qxd5 30. Qa4 Ra8 31. Qd7 Ng6 32. Qxc7 h6 33. c4 Qe4
34. b5 Nf4 35. Rg1 Ra1 36. Qc6 d5 37. Qxd5+ Nxd5 38. Rxa1 Ne3 39. Rg1 Qf4 40.
c5 Nf1 41. b6 Qh2# 0-1

[Event "DEM U10/U10w 2008"]
[Site "Willingen GER"]
[Date "2008.05.12"]
[Round "3"]
[White "Donchenko, Alexander"]
[Black "Dürr, Florian"]
[Result "1-0"]
[Termination "normal"]
[Board "1"]
[WhiteElo "1814"]
[BlackElo "1325"]
[PlyCount "95"]
[WhiteFideId "24603295"]
[BlackFideId "24659134"]
[EventCountry "GER"]
[EventRounds "11"]
[EventType "swiss"]
[EventDate "2008.05.10"]

1. d4 e6 2. Nf3 b6 3. c4 Nf6 4. Nc3 Bb4 5. Bg5 h6 6. Bh4 Bb7 7. e3 g5 8. Bg3
Ne4 9. Qc2 d6 10. Rc1 Nd7 11. Bd3 Bxc3+ 12. bxc3 Nxg3 13. hxg3 Rb8 14. Rb1 c5
15. Bh7 f5 16. Rxh6 Nf8 17. Qa4+ Ke7 18. Nxg5 Bc8 19. dxc5 Nxh7 20. Nxh7 Qg8
21. cxd6+ Kxd6 22. Qb4+ Kc7 23. Qe7+ Bd7 24. Nf6 Rd8 25. Nxg8 Rhxg8 26. Rxe6
Rge8 27. Qd6+ Kc8 28. Rxe8 Rxe8 29. Rd1 Rd8 30. Qxd7+ Rxd7 31. Rxd7 Kxd7 32.
Kd2 Kd6 33. Kd3 Ke5 34. a4 a5 35. f3 Kd6 36. Kd4 f4 37. gxf4 Kc6 38. g4 b5 39.
cxb5+ Kb6 40. g5 Kc7 41. g6 Kd6 42. g7 Kc7 43. g8=Q Kb7 44. Qe6 Ka7 45. Kc5 Kb7
46. Qd7+ Ka8 47. Kb6 Kb8 48. Qd8# 1-0

[Event "DEM U10/U10w 2008"]
[Site "Willingen GER"]
[Date "2008.05.12"]
[Round "3"]
[White "Müller, Constantin"]
[Black "Bluhm, Sonja Maria"]
[Result "0-1"]
[Termination "normal"]
[Board "2"]
[WhiteElo "1275"]
[BlackElo "1520"]
[PlyCount "124"]
[WhiteFideId "24697630"]
[BlackFideId "24654027"]
[EventCountry "GER"]
[EventRounds "11"]
[EventType "swiss"]
[EventDate "2008.05.10"]

1. e4 e5 2. Nc3 Nf6 3. f4 d6 4. Nf3 Nc6 5. a4 a6 6. Bc4 Be7 7. d3 h6 8. O-O O-O
9. f5 Bd7 10. Qe1 Nh5 11. Ne2 Bg5 12. Nxg5 hxg5 13. g4 Nf4 14. Nxf4 gxf4 15. h4
Nd4 16. g5 Kh8 17. c3 Nc6 18. Qe2 g6 19. f6 Qc8 20. Qh2 Bg4 21. Bxf4 exf4 22.
Rxf4 Ne5 23. Bb3 Nf3+ 24. Rxf3 Bxf3 25. Kf2 Qg4 26. Rg1 Qh5 27. Qg3 Be2 28. Qg2
Bxd3 29. Ke3 Be2 30. Qxe2 Qxe2+ 31. Kxe2 b5 32. Rh1 Rae8 33. Kf3 Kg8 34. h5
gxh5 35. Rxh5 Re5 36. Bd5 Rc8 37. Bb7 Rb8 38. Bd5 bxa4 39. Bxf7+ Kxf7 40. Rh7+
Kg8 41. g6 Rf8 42. f7+ Rxf7+ 43. Rxf7 Rb5 44. Rxc7 Rxb2 45. Ra7 a3 46. Rxa6 Ra2
47. Kf4 Ra1 48. Kf5 a2 49. Ra8+ Kg7 50. Ra7+ Kg8 51. Ke6 d5 52. exd5 Re1+ 53.
Kd6 a1=Q 54. Rxa1 Rxa1 55. c4 Ra6+ 56. Ke5 Rxg6 57. c5 Kf7 58. c6 Ke7 59. c7
Kd7 60. d6 Re6+ 61. Kd5 Rxd6+ 62. Ke5 Kxc7 0-1

[Event "DEM U10/U10w 2008"]
[Site "Willingen GER"]
[Date "2008.05.12"]
[Round "3"]
[White "Bardosch, Karl"]
[Black "Xiong, Ferdinand"]
[Result "1/2-1/2"]
[Termination "normal"]
[Board "3"]
[WhiteElo "1274"]
[BlackElo "1500"]
[PlyCount "55"]
[WhiteFideId "24696480"]
[BlackFideId "24654132"]
[EventCountry "GER"]
[EventRounds "11"]
[EventType "swiss"]
[EventDate "2008.05.10"]

1. e4 c5 2. Nf3 d6 3. d4 cxd4 4. Nxd4 Nf6 5. Nc3 g6 6. Be3 Bg7 7. f3 O-O 8. Qd2
Nc6 9. O-O-O Bd7 10. h4 Nxd4 11. Bxd4 Be6 12. h5 Qa5 13. Kb1 Rfc8 14. a3 a6 15.
hxg6 fxg6 16. Nd5 Qxd2 17. Nxf6+ Bxf6 18. Rxd2 Bg5 19. Rd1 Rc6 20. Bd3 Rac8 21.
g3 Bf6 22. Bxf6 exf6 23. f4 Bg4 24. Rde1 h5 25. e5 dxe5 26. fxe5 fxe5 27. Rxe5
b5 28. Rg5 1/2-1/2

[Event "DEM U10/U10w 2008"]
[Site "Willingen GER"]
[Date "2008.05.12"]
[Round "3"]
[White "Schröder, Jan-Christian"]
[Black "Birnkraut, Tim"]
[Result "1/2-1/2"]
[Termination "normal"]
[Board "4"]
[WhiteElo "1477"]
[BlackElo "1235"]
[PlyCount "69"]
[WhiteFideId "24662259"]
[BlackFideId "24609587"]
[EventCountry "GER"]
[EventRounds "11"]
[EventType "swiss"]
[EventDate "2008.05.10"]

1. e4 e5 2. Nf3 Nc6 3. Bb5 a6 4. Ba4 Nf6 5. O-O d6 6. Re1 Bg4 7. h3 Bh5 8. c3
b5 9. Bb3 Be7 10. d3 O-O 11. Nbd2 d5 12. exd5 Nxd5 13. Nf1 Bc5 14. Ng3 Bxf3 15.
Qxf3 Nde7 16. Ne4 Bb6 17. Ng5 Qe8 18. Qe4 Ng6 19. Bd5 Nce7 20. Bxa8 Qxa8 21.
Qxa8 Rxa8 22. Be3 Rb8 23. Bxb6 Rxb6 24. Rad1 f6 25. Ne4 b4 26. Rb1 Nf5 27. a3
b3 28. g4 Nfh4 29. Re3 f5 30. gxf5 Nxf5 31. Ree1 Nf4 32. Ng3 Nh4 33. Re3 Nxh3+
34. Kf1 Nf4 35. Rxe5 1/2-1/2

[Event "DEM U10/U10w 2008"]
[Site "Willingen GER"]
[Date "2008.05.12"]
[Round "3"]
[White "Kasel, Ronaldo"]
[Black "Baskin, Robert"]
[Result "1-0"]
[Termination "normal"]
[Board "5"]
[WhiteElo "1438"]
[BlackElo "1186"]
[PlyCount "79"]
[WhiteFideId "24660949"]
[BlackFideId "24662402"]
[EventCountry "GER"]
[EventRounds "11"]
[EventType "swiss"]
[EventDate "2008.05.10"]

1. e4 e6 2. d4 d5 3. e5 c5 4. c3 Nc6 5. Nf3 Qb6 6. Bd3 Bd7 7. Bc2 Be7 8. b3 f6
9. Bf4 O-O-O 10. exf6 Nxf6 11. O-O Rhf8 12. Ne5 Nxe5 13. Bxe5 Bb5 14. Re1 Bd6
15. Bxf6 gxf6 16. g3 e5 17. dxe5 fxe5 18. Qxd5 Bc6 19. Qc4 Bb5 20. Qg4+ Bd7 21.
Qe2 Bh3 22. Be4 Kb8 23. c4 Rf6 24. Nc3 Qa5 25. Nd5 Rf7 26. Bg2 Bxg2 27. Kxg2
Rdf8 28. Rf1 Qd8 29. Rad1 Qg5 30. Qd2 Qg4 31. Ne3 Qf3+ 32. Kg1 Rf6 33. Ng2 Be7
34. Qe3 Qh5 35. Qe4 Rh6 36. h4 Rhf6 37. Rd7 Qf3 38. Rxb7+ Ka8 39. Qxf3 Rxf3 40.
Rxe7 1-0

[Event "DEM U10/U10w 2008"]
[Site "Willingen GER"]
[Date "2008.05.12"]
[Round "3"]
[White "Sabirov, Ramil"]
[Black "Sawlin, Leonid"]
[Result "0-1"]
[Termination "normal"]
[Board "6"]
[WhiteElo "1270"]
[BlackElo "1431"]
[PlyCount "40"]
[WhiteFideId "12900303"]
[BlackFideId "4689542"]
[EventCountry "GER"]
[EventRounds "11"]
[EventType "swiss"]
[EventDate "2008.05.10"]

1. e4 e6 2. Nc3 d5 3. exd5 exd5 4. d4 Nf6 5. Bg5 Be7 6. Nf3 O-O 7. Bd3 h6 8.
Bh4 b6 9. O-O c5 10. Re1 Nc6 11. Bb5 Bb7 12. Ne5 Nxd4 13. Bxf6 Bxf6 14. Nd7
Nxb5 15. Nxd5 Bd4 16. Ne3 Qxd7 17. c3 Qc6 18. cxd4 Nxd4 19. b4 Rad8 20. Qg4 f5
0-1

[Event "DEM U10/U10w 2008"]
[Site "Willingen GER"]
[Date "2008.05.12"]
[Round "3"]
[White "Lagunov, Rafael"]
[Black "Wiesner, Paula"]
[Result "0-1"]
[Termination "normal"]
[Board "7"]
[WhiteElo "1150"]
[BlackElo "1364"]
[PlyCount "122"]
[WhiteFideId "24652644"]
[BlackFideId "24654019"]
[EventCountry "GER"]
[EventRounds "11"]
[EventType "swiss"]
[EventDate "2008.05.10"]

1. e4 e5 2. Nf3 Nf6 3. Bc4 Nxe4 4. Nc3 Nxc3 5. dxc3 f6 6. Nh4 g6 7. f4 d6 8. f5
d5 9. Bxd5 c6 10. Bf7+ Ke7 11. Qxd8+ Kxd8 12. fxg6 hxg6 13. Nxg6 Rh7 14. Bc4
Bc5 15. Bd2 Rg7 16. Bd3 e4 17. Bxe4 f5 18. O-O-O Kc7 19. h4 Rxg6 20. Bf3 Rg7
21. h5 Rh7 22. h6 Be6 23. Bh5 Bf8 24. Bg6 Rh8 25. c4 Nd7 26. Bc3 Rxh6 27. Rxh6
Bxh6+ 28. Kb1 Rg8 29. Bh5 Rxg2 30. b3 Rg8 31. Re1 Nf8 32. Kb2 Bd7 33. Bf7 Rg2
34. Be5+ Kc8 35. Bd6 Nh7 36. Re7 Bf8 37. Re6 Bxe6 38. Bxe6+ Kd8 39. Bxf8 Nxf8
40. Bxf5 Ke7 41. a4 Kd6 42. b4 Rf2 43. Bc8 Kc7 44. Bg4 Rf4 45. Be2 Ne6 46. Bd3
a6 47. a5 c5 48. b5 Kd7 49. c3 Kc8 50. Kc2 Rf2+ 51. Kb3 Rf3 52. Be2 Rg3 53. Bd1
Nf4 54. Kc2 Re3 55. Bg4+ Kc7 56. Bd1 Re4 57. Kb3 Nd3 58. b6+ Kc8 59. Kc2 Ne5
60. Kb3 Nxc4 61. Bf3 Rf4 0-1

[Event "DEM U10/U10w 2008"]
[Site "Willingen GER"]
[Date "2008.05.12"]
[Round "3"]
[White "Hirschmann, Jakob"]
[Black "Böhm, Jana"]
[Result "1/2-1/2"]
[Termination "normal"]
[Board "8"]
[WhiteElo "1335"]
[BlackElo "1023"]
[PlyCount "37"]
[WhiteFideId "24652067"]
[BlackFideId "24661589"]
[EventCountry "GER"]
[EventRounds "11"]
[EventType "swiss"]
[EventDate "2008.05.10"]

1. e4 e5 2. Nf3 Nc6 3. Bc4 Bc5 4. d3 Nge7 5. Nc3 d6 6. h3 Be6 7. Bb3 Qd7 8. Be3
Bb4 9. d4 exd4 10. Nxd4 O-O 11. Nxe6 fxe6 12. O-O Kh8 13. Ne2 Ne5 14. c3 Ba5
15. Bd4 N5g6 16. Ng3 e5 17. Be3 Bb6 18. Bxb6 axb6 19. Qd2 1/2-1/2

[Event "DEM U10/U10w 2008"]
[Site "Willingen GER"]
[Date "2008.05.12"]
[Round "3"]
[White "Hemprich, Iustus"]
[Black "Wagner, Robert"]
[Result "1/2-1/2"]
[Termination "normal"]
[Board "9"]
[WhiteElo "1184"]
[BlackElo "1561"]
[PlyCount "25"]
[BlackFideId "24656879"]
[EventCountry "GER"]
[EventRounds "11"]
[EventType "swiss"]
[EventDate "2008.05.10"]

1. e4 c5 2. Nf3 Nc6 3. d4 cxd4 4. Nxd4 e6 5. c3 a6 6. Be2 Nf6 7. O-O Qc7 8. Nb3
Be7 9. f4 d6 10. Bd3 b5 11. Qf3 Bb7 12. Bd2 Rd8 13. Qg3 1/2-1/2

[Event "DEM U10/U10w 2008"]
[Site "Willingen GER"]
[Date "2008.05.12"]
[Round "3"]
[White "Riasanow, Nikita"]
[Black "Bilchinski, Anton"]
[Result "0-1"]
[Termination "normal"]
[Board "10"]
[WhiteElo "1259"]
[BlackElo "1477"]
[PlyCount "150"]
[BlackFideId "24615765"]
[EventCountry "GER"]
[EventRounds "11"]
[EventType "swiss"]
[EventDate "2008.05.10"]

1. e4 e5 2. Nf3 d6 3. d4 exd4 4. Nxd4 Nf6 5. Nc3 Be7 6. Bc4 c6 7. Bf4 a6 8. a4
O-O 9. O-O Nxe4 10. Nxe4 d5 11. Bd3 dxe4 12. Bxe4 Bf6 13. Be3 Nd7 14. Rb1 Nc5
15. Bf3 Nxa4 16. Qd2 Nb6 17. Rfd1 Nc4 18. Qe2 Nxe3 19. Qxe3 Qc7 20. Be4 g6 21.
Qf3 Bg7 22. g4 Bd7 23. Qh3 h5 24. Qb3 Bxd4 25. Rxd4 Be6 26. Qf3 Bxg4 27. Qf6
Rad8 28. f3 Rxd4 29. Qxd4 Be6 30. Qf6 Qd8 31. Qe5 Qe7 32. Rd1 Re8 33. Rd6 Bf5
34. Qxe7 Rxe7 35. Bxf5 gxf5 36. Kf2 Kg7 37. Rd4 Kg6 38. h4 f6 39. Ra4 c5 40.
Ra5 Rc7 41. b3 c4 42. b4 Rc6 43. b5 Rc5 44. Ke3 axb5 45. Kd4 Re5 46. Ra7 Re2
47. Rxb7 Rxc2 48. Rxb5 Rh2 49. Kxc4 Rxh4+ 50. Kd3 Rf4 51. Ke3 Ra4 52. Rb1 f4+
53. Kf2 Ra5 54. Rh1 Ra2+ 55. Kg1 Ra1+ 56. Kh2 Rxh1+ 57. Kxh1 Kg5 58. Kg2 Kf5
59. Kf2 Ke5 60. Kg2 Kd4 61. Kf2 Kd3 62. Kg1 Ke3 63. Kg2 f5 64. Kg1 Kxf3 65. Kf1
h4 66. Kg1 h3 67. Kh1 Ke2 68. Kg1 f3 69. Kh2 f2 70. Kxh3 f1=Q+ 71. Kg3 f4+ 72.
Kh2 Qa1 73. Kg2 Qg7+ 74. Kh1 f3 75. Kh2 Qg2# 0-1

[Event "DEM U10/U10w 2008"]
[Site "Willingen GER"]
[Date "2008.05.12"]
[Round "3"]
[White "Peters, Tom"]
[Black "Engert, Marvin"]
[Result "1/2-1/2"]
[Termination "normal"]
[Board "11"]
[WhiteElo "1472"]
[BlackElo "1271"]
[PlyCount "34"]
[WhiteFideId "24694444"]
[BlackFideId "12901164"]
[EventCountry "GER"]
[EventRounds "11"]
[EventType "swiss"]
[EventDate "2008.05.10"]

1. e4 e5 2. Nf3 Nc6 3. Bc4 Nf6 4. d3 Bc5 5. c3 d5 6. exd5 Nxd5 7. O-O O-O 8.
Bg5 Be7 9. Bxe7 Ndxe7 10. Re1 Qd6 11. Nbd2 Bg4 12. Ne4 Qg6 13. b4 a6 14. Ng3 b5
15. Bb3 Rad8 16. Bc2 f5 17. Bb1 Kh8 1/2-1/2

[Event "DEM U10/U10w 2008"]
[Site "Willingen GER"]
[Date "2008.05.12"]
[Round "3"]
[White "Gheng, Christian"]
[Black "Grigorian, Spartak"]
[Result "0-1"]
[Termination "normal"]
[Board "12"]
[WhiteElo "1177"]
[BlackElo "1795"]
[PlyCount "100"]
[WhiteFideId "24660345"]
[BlackFideId "24661490"]
[EventCountry "GER"]
[EventRounds "11"]
[EventType "swiss"]
[EventDate "2008.05.10"]

1. e4 c5 2. Nf3 d6 3. d4 cxd4 4. Nxd4 Nf6 5. Nc3 a6 6. Be2 e5 7. Nb3 Be6 8. O-O
Nbd7 9. a4 Be7 10. Be3 O-O 11. Qd2 Rc8 12. Rad1 Nb6 13. a5 Nc4 14. Bxc4 Bxc4
15. Bb6 Qd7 16. Rfe1 Qe6 17. Nd5 Nxd5 18. exd5 Qg6 19. f4 Bxb3 20. f5 Qxf5 21.
cxb3 Rc2 22. Qd3 Qxd3 23. Rxd3 Rfc8 24. Ree3 Rc1+ 25. Kf2 Bg5 26. Rg3 Bh4 27.
Be3 R1c2+ 28. Kf3 Bxg3 29. Kxg3 f5 30. Bg5 Kf7 31. Rf3 f4+ 32. Kg4 Rxg2+ 33.
Kh4 h6 34. Bxf4 exf4 35. Rxf4+ Kg8 36. Kh3 Rcc2 37. b4 Rxh2+ 38. Kg4 Rcg2+ 39.
Kf5 Rf2 40. Rxf2 Rxf2+ 41. Ke6 g5 42. Kxd6 Rxb2 43. Kd7 Kf7 44. d6 Rd2 45. Kc7
Ke6 46. Kxb7 Rxd6 47. Ka7 g4 48. b5 axb5 49. a6 Rxa6+ 50. Kxa6 g3 0-1

[Event "DEM U10/U10w 2008"]
[Site "Willingen GER"]
[Date "2008.05.12"]
[Round "3"]
[White "Koch, Elisabeth"]
[Black "Richter, Leonard"]
[Result "0-1"]
[Termination "normal"]
[Board "13"]
[WhiteElo "1097"]
[BlackElo "1379"]
[PlyCount "80"]
[WhiteFideId "24695068"]
[BlackFideId "12900290"]
[EventCountry "GER"]
[EventRounds "11"]
[EventType "swiss"]
[EventDate "2008.05.10"]

1. e4 c6 2. d4 d5 3. exd5 cxd5 4. Bd3 Nc6 5. c3 Nf6 6. Bf4 Bg4 7. f3 Bd7 8. Ne2
e6 9. O-O Nh5 10. Re1 Nxf4 11. Nxf4 Be7 12. Nd2 O-O 13. Nf1 Bd6 14. Qd2 Qc7 15.
Ne2 f6 16. Neg3 e5 17. dxe5 fxe5 18. Qg5 Rf7 19. Ne3 Qb6 20. Kh1 Be7 21. Qh5 g6
22. Qh6 Qd8 23. Nxd5 Bg5 24. Bxg6 Bxh6 25. Bxf7+ Kxf7 26. Rad1 Ne7 27. Rxe5
Nxd5 28. Rexd5 Ke7 29. Re5+ Kf6 30. Red5 Ke6 31. Rd6+ Ke7 32. Rxh6 Qg8 33. Rhd6
Be6 34. b3 Rc8 35. c4 Rc6 36. R6d4 Ra6 37. a4 Rb6 38. c5 Rxb3 39. Rc1 Qg5 40.
Re4 Qxc1+ 0-1

[Event "DEM U10/U10w 2008"]
[Site "Willingen GER"]
[Date "2008.05.12"]
[Round "3"]
[White "Wolff, Christopher"]
[Black "Altstadt, Karl-Simon"]
[Result "1-0"]
[Termination "normal"]
[Board "14"]
[WhiteElo "1373"]
[BlackElo "1177"]
[PlyCount "69"]
[BlackFideId "24696676"]
[EventCountry "GER"]
[EventRounds "11"]
[EventType "swiss"]
[EventDate "2008.05.10"]

1. e4 e5 2. d4 exd4 3. Qxd4 Nc6 4. Qe3 Nf6 5. Nc3 d6 6. Bd2 Be7 7. O-O-O a6 8.
f3 Be6 9. Bd3 d5 10. exd5 Nxd5 11. Nxd5 Qxd5 12. b3 Qd6 13. Kb1 Qa3 14. Bc1 Qa5
15. Qe1 Nb4 16. a3 Nc6 17. Qxa5 Nxa5 18. Be4 f5 19. Bd3 Rd8 20. Bb2 Rg8 21. Ne2
c5 22. Bc3 Nc6 23. Ka2 b5 24. Nf4 Bf7 25. Bxf5 g6 26. Be4 Rc8 27. Nd5 Bxd5 28.
Bxd5 Rf8 29. Bg7 Rf5 30. Be6 Bf6 31. Bxf6 Rxf6 32. Bxc8 Na5 33. Rhe1+ Kf8 34.
Re6 Rf4 35. Rxa6 1-0

[Event "DEM U10/U10w 2008"]
[Site "Willingen GER"]
[Date "2008.05.12"]
[Round "3"]
[White "Heinemann, Josefine"]
[Black "Manusina, Nicole"]
[Result "0-1"]
[Termination "normal"]
[Board "15"]
[WhiteElo "941"]
[BlackElo "1601"]
[PlyCount "94"]
[WhiteFideId "12900460"]
[BlackFideId "24657514"]
[EventCountry "GER"]
[EventRounds "11"]
[EventType "swiss"]
[EventDate "2008.05.10"]

1. e4 c6 2. d4 d5 3. Nc3 dxe4 4. Nxe4 Bf5 5. Ng3 Bg6 6. Nf3 Nd7 7. Be3 e6 8.
Bd3 Ngf6 9. Bxg6 hxg6 10. O-O Be7 11. Qd2 Qc7 12. Bf4 Bd6 13. Bxd6 Qxd6 14.
Rfe1 O-O-O 15. Rad1 Qc7 16. Ng5 Nb6 17. a3 Rd5 18. Nf3 c5 19. b3 cxd4 20. Nxd4
e5 21. c4 Rxd4 22. Qb2 Rxd1 23. Rxd1 Rd8 24. Rxd8+ Kxd8 25. Qd2+ Kc8 26. Qd3
Qd7 27. Qe3 Qd4 28. Qe2 Nbd7 29. h3 Qa1+ 30. Kh2 Qxa3 31. Qc2 Kc7 32. f3 Qd6
33. Kh1 Kd8 34. Qa2 Qa6 35. Qd2 Ke8 36. Qe3 Qa1+ 37. Kh2 Qd4 38. Qe2 Nh5 39.
Nxh5 gxh5 40. g3 g6 41. f4 e4 42. g4 e3 43. Qf3 Qd2+ 44. Kg3 e2 45. Qe4+ Kf8
46. gxh5 e1=Q+ 47. Qxe1 Qxe1+ 0-1

[Event "DEM U10/U10w 2008"]
[Site "Willingen GER"]
[Date "2008.05.12"]
[Round "3"]
[White "Myagkov, Kirill"]
[Black "Schmid, Floyd"]
[Result "1-0"]
[Termination "normal"]
[Board "16"]
[WhiteElo "1582"]
[BlackElo "1156"]
[PlyCount "99"]
[WhiteFideId "24657042"]
[BlackFideId "24686069"]
[EventCountry "GER"]
[EventRounds "11"]
[EventType "swiss"]
[EventDate "2008.05.10"]

1. e4 c5 2. Nf3 e6 3. d4 cxd4 4. Nxd4 a6 5. Be3 Nf6 6. Nc3 Qc7 7. a3 Nc6 8. g3
b6 9. Bg2 Bb7 10. O-O Be7 11. Bf4 e5 12. Nxc6 Bxc6 13. Be3 O-O 14. Bg5 h6 15.
Bxf6 Bxf6 16. Nd5 Qd6 17. Nxb6 Qxd1 18. Rfxd1 Rad8 19. Nd5 Bg5 20. h4 Bf6 21.
Nxf6+ gxf6 22. Rd6 Kg7 23. f4 exf4 24. gxf4 Rg8 25. Kh2 Rb8 26. b4 Rb5 27. Rg1
Kh7 28. Rxf6 Rg7 29. Bf3 a5 30. c3 axb4 31. cxb4 Rb8 32. Rxg7+ Kxg7 33. Rd6 Re8
34. Rd4 Re7 35. Kg2 Re8 36. e5 Bxf3+ 37. Kxf3 Rd8 38. a4 Kf8 39. a5 Ke8 40. b5
Ra8 41. a6 Kd8 42. Rd6 h5 43. Ke4 Kc8 44. Kf5 Kc7 45. b6+ Kb8 46. a7+ Kb7 47.
Rxd7+ Kxb6 48. Rxf7 Kc6 49. e6 Kd6 50. e7 1-0

[Event "DEM U10/U10w 2008"]
[Site "Willingen GER"]
[Date "2008.05.12"]
[Round "3"]
[White "Srokovskiy, Andrea"]
[Black "Schnepper, Pauline"]
[Result "1-0"]
[Termination "normal"]
[Board "17"]
[WhiteElo "1528"]
[BlackElo "1145"]
[PlyCount "125"]
[WhiteFideId "4624947"]
[BlackFideId "12918040"]
[EventCountry "GER"]
[EventRounds "11"]
[EventType "swiss"]
[EventDate "2008.05.10"]

1. e4 c5 2. Nf3 d6 3. c3 Nf6 4. Be2 g6 5. O-O Bg7 6. Re1 Nxe4 7. Qa4+ Nc6 8.
Qxe4 O-O 9. Bb5 Bf5 10. Qe2 Re8 11. d4 a6 12. Bxc6 bxc6 13. dxc5 dxc5 14. Be3
Qd6 15. Rd1 Qe6 16. Na3 a5 17. Qd2 Bg4 18. Qe2 Red8 19. Rxd8+ Rxd8 20. Rd1 Rd5
21. h3 Bf5 22. Rxd5 cxd5 23. Qb5 d4 24. Qe8+ Bf8 25. Bh6 Qc8 26. Qxc8 Bxc8 27.
Bxf8 Kxf8 28. cxd4 cxd4 29. Nxd4 e5 30. Nc6 e4 31. Nxa5 f5 32. b4 Ke7 33. b5
Kd6 34. b6 Kd5 35. b7 Bxb7 36. Nxb7 Kd4 37. Kf1 f4 38. Ke2 h5 39. f3 e3 40.
Nb5+ Kc4 41. N7d6+ Kc5 42. a3 g5 43. Nf5 Kxb5 44. Nxe3 fxe3 45. Kxe3 Ka4 46. f4
gxf4+ 47. Kxf4 Kxa3 48. g4 hxg4 49. h4 g3 50. Kxg3 Kb4 51. h5 Kc5 52. h6 Kd6
53. h7 Ke6 54. h8=Q Kd5 55. Qh4 Kc5 56. Kf3 Kb5 57. Ke3 Ka5 58. Qc4 Kb6 59. Kd4
Ka5 60. Qb3 Ka6 61. Kc5 Ka7 62. Kc6 Ka8 63. Qb7# 1-0

[Event "DEM U10/U10w 2008"]
[Site "Willingen GER"]
[Date "2008.05.12"]
[Round "3"]
[White "Bach, Jannik"]
[Black "Wenzke, Tim"]
[Result "1-0"]
[Termination "normal"]
[Board "18"]
[WhiteElo "1642"]
[BlackElo "1129"]
[PlyCount "113"]
[WhiteFideId "24615900"]
[EventCountry "GER"]
[EventRounds "11"]
[EventType "swiss"]
[EventDate "2008.05.10"]

1. d4 d5 2. Bf4 Bf5 3. Nc3 Nf6 4. f3 e6 5. Qd2 Nbd7 6. O-O-O c5 7. e3 Qb6 8.
Nge2 Be7 9. Ng3 Bg6 10. Be2 a5 11. e4 O-O 12. e5 Ne8 13. h4 f6 14. h5 Bf7 15.
exf6 Bxf6 16. Be3 c4 17. Nf1 a4 18. a3 Nc7 19. g4 Be7 20. g5 g6 21. Ng3 Qa5 22.
Na2 Qb6 23. hxg6 Bxg6 24. Nh5 Nb5 25. Nb4 Rac8 26. c3 Rc7 27. Nf4 Be8 28. Qc2
Rf5 29. g6 Bxg6 30. Nxg6 hxg6 31. Rdg1 Kg7 32. Bh6+ Kf7 33. f4 Nd6 34. Bg4 Rc8
35. Bxf5 Nxf5 36. Bg5 Bf8 37. Rh7+ Bg7 38. Rgh1 Nf8 39. R7h3 Qd6 40. Qxa4 Bf6
41. Rf3 Bg7 42. Nc2 Qc7 43. Kb1 Qd6 44. Ne3 Kg8 45. Ng4 Nd7 46. Nh6+ Kf8 47.
Nxf5 exf5 48. Bh6 Bxh6 49. Rxh6 Kg7 50. Rhh3 Re8 51. Qb4 Qc6 52. Re3 Rxe3 53.
Rxe3 Kf7 54. Qe7+ Kg8 55. Re6 Qa4 56. Rxg6+ Kh8 57. Qg7# 1-0

[Event "DEM U10/U10w 2008"]
[Site "Willingen GER"]
[Date "2008.05.12"]
[Round "3"]
[White "Berkov, Mikhail"]
[Black "Borrink, Guido"]
[Result "1/2-1/2"]
[Termination "normal"]
[Board "19"]
[WhiteElo "1402"]
[BlackElo "1098"]
[PlyCount "144"]
[WhiteFideId "24678783"]
[BlackFideId "1270502"]
[EventCountry "GER"]
[EventRounds "11"]
[EventType "swiss"]
[EventDate "2008.05.10"]

1. e4 e6 2. d4 d5 3. e5 c5 4. c3 Qb6 5. Nf3 Bd7 6. Bd3 Bb5 7. Bxb5+ Qxb5 8. Na3
Qb6 9. Qe2 a6 10. Be3 c4 11. O-O Bxa3 12. bxa3 Nd7 13. Ng5 Nh6 14. Rab1 Qc7 15.
Qh5 O-O 16. g4 Rfe8 17. Nxh7 Nxg4 18. Qxg4 Kxh7 19. Qh5+ Kg8 20. Kh1 Nf8 21.
Qg4 Nh7 22. Bg5 Nxg5 23. Qxg5 Qe7 24. Qg4 g6 25. h4 Kg7 26. Kg2 Rh8 27. Rh1 Rh5
28. a4 Rb8 29. Kf3 Qa3 30. Rhc1 Qxa2 31. Ke3 Qxa4 32. Ra1 Qe8 33. Rg1 Qh8 34.
Rh1 Ra8 35. Qf4 Qh6 36. Qxh6+ Rxh6 37. Kf3 b5 38. Ra5 Rh5 39. Kg3 Rf5 40. f4
Rh5 41. Rha1 Rah8 42. Rb1 Rb8 43. Rxa6 b4 44. Rb2 Rhh8 45. Rxb4 Rxb4 46. cxb4
Rb8 47. Ra4 c3 48. Kf3 c2 49. Ra1 Rxb4 50. Rc1 Rxd4 51. Rxc2 Rb4 52. Rd2 Rb7
53. Kg4 Kf8 54. h5 gxh5+ 55. Kxh5 Ke8 56. Kg4 Kd7 57. Kf3 Kc6 58. Rc2+ Kd7 59.
Ke3 Ke8 60. Kf3 Kf8 61. Kg4 d4 62. Kg5 d3 63. Rd2 Rd7 64. Kg4 Ke8 65. Kf3 Rd4
66. Ke3 Rd5 67. Rxd3 Rxd3+ 68. Kxd3 Ke7 69. Kd4 f6 70. Ke4 f5+ 71. Kd4 Kd7 72.
Kc5 Kc7 1/2-1/2

[Event "DEM U10/U10w 2008"]
[Site "Willingen GER"]
[Date "2008.05.12"]
[Round "3"]
[White "Mann, Jonas"]
[Black "Storch, Domenic"]
[Result "0-1"]
[Termination "normal"]
[Board "20"]
[WhiteElo "1081"]
[BlackElo "1338"]
[PlyCount "126"]
[WhiteFideId "12900214"]
[BlackFideId "16200470"]
[EventCountry "GER"]
[EventRounds "11"]
[EventType "swiss"]
[EventDate "2008.05.10"]

1. e4 c5 2. Nc3 Nc6 3. f4 d6 4. Nf3 Bd7 5. Bc4 e6 6. O-O Be7 7. d3 a6 8. a4 Qc7
9. Be3 Nf6 10. Qe1 O-O 11. Qg3 e5 12. fxe5 dxe5 13. Nh4 Nh5 14. Qf2 Nf4 15.
Bxf4 exf4 16. Qxf4 Qxf4 17. Rxf4 Nd4 18. Nf3 Nxc2 19. Rc1 Nd4 20. Nxd4 cxd4 21.
Nd5 Bg5 22. Rcf1 Bxf4 23. Rxf4 Rad8 24. g4 Bxa4 25. g5 Bd1 26. g6 Bh5 27. gxf7+
Kh8 28. Ne7 Rd7 29. Nc8 b5 30. Be6 Rc7 31. Rf2 a5 32. Nd6 Rc6 33. e5 Rc5 34.
Ne4 Rxe5 35. Ba2 Bd1 36. Rd2 Bf3 37. Rc2 Bxe4 38. dxe4 Rxe4 39. Bb1 Re1+ 40.
Kg2 Rxb1 41. h3 g6 42. Rf2 Kg7 43. Rd2 Rxf7 44. Rxd4 Rxb2+ 45. Kg3 b4 46. Rd5
a4 47. Ra5 a3 48. h4 a2 49. Kg4 Rg2+ 50. Kh3 b3 51. Ra3 b2 52. Rxa2 b1=Q 53.
Rxg2 Rf3+ 54. Kh2 Qb8+ 55. Kh1 Rf1+ 56. Rg1 Rxg1+ 57. Kxg1 Qg3+ 58. Kh1 Qxh4+
59. Kg1 g5 60. Kf1 g4 61. Kg2 g3 62. Kg1 Qh2+ 63. Kf1 Qf2# 0-1